000 00930nam a22002537a 4500
005 20100805111834.0
010 _aENG-98267
020 _a9789380009377
_c790.00
020 _a9380009372
_c790.00
035 _aEN-81800
037 _bDBAD/PUB
082 _a181.044
100 _aTater,Sohan Raj
_96752
245 F _aEnlightened knowledege /
_cby Sohan Raj Tater ;edited by Harish Sharma
260 _aNew Delhi
_bReadworthy Publications
_c2010
270 _aS-Mohan Garden,Near Nawada Metro Station,
_bNew Delhi
_e110059
300 _axxii,247p.
_c23cm (Hb)
650 _aJain Philosophy
_96753
650 _aKnowledge,Theory of (Jainism)
_96754
650 _aJainism and science
_96755
700 _aSharma, Harihar
_96494
942 _2ddc
_cEN
_h181.044
_mTAT
999 _c39367
_d39367